| 000 | 01092nam a2200265 a 4500 | ||
|---|---|---|---|
| 001 | 81097 | ||
| 003 | BD-RjUL | ||
| 005 | 20230118125004.0 | ||
| 008 | 230118s2012 bg a|||| m||| 00| 0 eng d | ||
| 035 | _a(BD-RjUL)81097 | ||
| 040 |
_aBD-RjUL _beng _cBD-RjUL _dBD-RjUL |
||
| 041 | _aeng | ||
| 082 |
_223 _a332.1753 _bHOM 2012 |
||
| 100 |
_aHossain, Md. Afzal _96630 |
||
| 245 | 1 | 0 |
_aMicro-credit and Poverty Alleviation in Urban Areas : _bA Study of Rajshahi District / _cMd. Afzal Hossain _6Supervisor : Md. Meherul Islam Khan,Co-Supervisor : M. Mostafa Kamal |
| 260 |
_aRajshahi : _bDepartment of Finance and Banking,University of Rajshahi _c2012 |
||
| 300 |
_a[3], xix, [1], 273 leaves : _bill.; _c29 cm. |
||
| 502 | _aThesis (Ph.D.) -- Department of Finance and Banking,University of Rajshahi,2012 | ||
| 504 | _aBibliography : leaves 231-237 | ||
| 650 |
_aUrban Areas _xPoverty Alleviation _96631 |
||
| 650 |
_aMicro-credit _zBangladesh _zRajshahi _96632 |
||
| 700 |
_aKhan, Md. Meherul Islam, Supervisor _96633 |
||
| 700 |
_aKamal,M. Mostafa, Co-Supervisor _96634 |
||
| 942 |
_2ddc _cTHE |
||
| 999 |
_c81097 _d81097 |
||